[Event "RSA-chT U16"]
[Site "Cape Town"]
[Date "2016.01.07"]
[Round "7.3"]
[White "Mazibuko, Khanya"]
[Black "Stoltz, De Raven"]
[Result "1-0"]
[WhiteElo "1559"]
[BlackElo "1249"]
[PlyCount "131"]
[EventDate "2016.01.04"]
[EventType "team-tourn"]
[EventRounds "7"]
[EventCountry "RSA"]
[SourceTitle "CBM 170 Extra"]
[Source "ChessBase"]
[SourceDate "2016.02.25"]
[SourceVersion "1"]
[SourceVersionDate "2016.02.25"]
[SourceQuality "1"]
[WhiteTeam "Johannesburg Metro"]
[BlackTeam "Nelson Mandela Bay"]
[WhiteTeamCountry "RSA"]
[BlackTeamCountry "RSA"]

1. e4 d5 2. exd5 Qxd5 3. Nc3 Qa5 4. Bc4 Nf6 5. d4 c6 6. a3 Bf5 7. Nf3 e6 8. Bg5 Be7 9. Qd2 Nbd7 10. 0-0 0-0 11. Nh4 Rfe8 12. Nxf5 exf5 13. Nd5 Qxd2 14. Nxe7+ Rxe7 15. Bxd2 c5 16. dxc5 Nxc5 17. f3 Rc8 18. Bb4 b6 19. Rfe1 Rxe1+ 20. Rxe1 a5 21. Bc3 Ncd7 22. Bb5 h6 23. Re7 Rd8 24. Bc4 Rf8 25. Kf2 h5 26. h4 f4 27. Bd2 a4 28. Bxf4 Nc5 29. Bc7 Ncd7 30. Bd6 Nc5 31. Rc7 Nfe4+ 32. fxe4 Nxe4+ 33. Kf3 Nxd6 34. Ba2 Nf5 35. g3 g6 36. c3 b5 37. Rb7 Nd6 38. Rb6 Rd8 39. Kf4 Kf8 40. b3 Ke7 41. bxa4 bxa4 42. Bd5 Rc8 43. Rc6 f6 44. Rxc8 Nxc8 45. Be4 Kf7 46. c4 Ne7 47. Bc2 Ke6 48. Bxa4 g5+ 49. hxg5 Ng6+ 50. Ke3 fxg5 51. c5 Ne7 52. Ke4 h4 53. gxh4 gxh4 54. Bd1 Kd7 55. Bf3 h3 56. a4 Kc7 57. Bh1 Nc6 58. Kf4 Nb4 59. Ke3 Na6 60. Kd4 h2 61. Kc4 Nb8 62. Kb5 Nd7 63. a5 Nb8 64. a6 Nxa6 65. Kxa6 Kb8 66. Kb6 1-0